000 00442nam a2200169Ia 4500
008 090711s9999 xx 000 0 und d
082 _b53326
100 _aविशे भाऊ
245 _aनिर्वासित
260 _c1986
300 _a56
600 _aविशे भाऊ
630 _aनिर्वासित
700 _aविशे भाऊ
730 _aनिर्वासित
942 _cBOOK
999 _c290998
_d290998